| 000 | 00624nam a2200193Ia 4500 | ||
|---|---|---|---|
| 003 | SISC | ||
| 005 | 20170125154807.0 | ||
| 008 | 140321s9999 xx 000 0 und d | ||
| 020 | _a9781849205160 | ||
| 050 |
_aHD 60 _b.F629 2013 |
||
| 100 | _aFleming, Peter. | ||
| 245 | 4 |
_aThe end of corporate social responsibility : _bcrisis & critique / _cPeter Fleming and Marc T. Jones. |
|
| 260 |
_aCalifornia : _bSage Publications, _c2013. |
||
| 300 |
_a125 pages ; _c24 cm. |
||
| 500 | _aIncludes bibliographical references and index. | ||
| 650 | _aSocial responsibility of business. | ||
| 942 |
_kFOR _cBK _2lcc |
||
| 999 |
_c48236 _d48236 |
||